01314nam a22003254a 4500001001200000003000800012006001900020007001500039008004100054010001700095020001500112040002100127035002000148050002500168245010400193260006600297300001400363500010000377504005300477533015200530650001600682650002100698655002900719700002700748700002000775710001700795730003300812856012600845999001700971ebr10076711CaPaEBRm u cr cn|||||||||030507s2003 enk sb 001 0 eng  z 2003106637 z0761967362 aCaPaEBRcCaPaEBR a(OCoLC)7077390614aHD30.19b.S78 2003eb00aStudying management criticallyh[electronic resource] /cedited by Mats Alvesson and Hugh Willmott. aLondon ;aThousand Oaks, Calif. :bSage Publications,cc2003. ax, 229 p. aIncludes some revised and updated articles from: Critical management studies published in 1992. aIncludes bibliographical references and indexes. aElectronic reproduction.bPalo Alto, Calif. :cebrary,d2013.nAvailable via World Wide Web.nAccess may be limited to ebrary affiliated libraries. 0aManagement. 0aCritical theory. 7aElectronic books.2local1 aAlvesson, Mats,d1956-1 aWillmott, Hugh.2 aebrary, Inc.0 aCritical management studies.40uhttp://site.ebrary.com/lib/rucke/Doc?id=10076711zAn electronic book accessible through the World Wide Web; click to view c72947d72947